Сборник тезисов VIII Международной научно-технической конкурс-конференция молодых специалистов "Геофизика-2011", (Санкт-Петербург, 3-7 октября 2011) (Запись № 10867133)

Подробности
000 -МАРКЕР
контрольное поле 03158nam0a2200421 4500
001 - ИДЕНТИФИКАТОР ЗАПИСИ
контрольное поле RU\NLR\BIBL_A\011597035
005 - ИДЕНТИФИКАТОР ВЕРСИИ
контрольное поле 20241103101612.0
010 ## - МЕЖДУНАРОДНЫЙ СТАНДАРТНЫЙ НОМЕР КНИГИ (ISBN)
Номер (ISBN) 9785983402638
Тираж 80
021 ## - НОМЕР ГОСУДАРСТВЕННОЙ РЕГИСТРАЦИИ
Код страны российская федерация
Номер 2017-96792
Номер Листа государственной регистраци 6961
035 ## - ДРУГИЕ СИСТЕМНЫЕ НОМЕРА
Идентификатор записи (RuMoRGB)009487702
035 ## - ДРУГИЕ СИСТЕМНЫЕ НОМЕРА
Идентификатор записи (LIBNET)RU\NLR\bibl\890179
035 ## - ДРУГИЕ СИСТЕМНЫЕ НОМЕРА
Идентификатор записи (NLR Aleph) 011597035
100 ## - ДАННЫЕ ОБЩЕЙ ОБРАБОТКИ
Данные общей обработки 20180117d2011 k y0rusy50 ca
101 0# - ЯЗЫК РЕСУРСА
Язык текста, звукозаписи и т.д. русский
-- английский
Язык резюме английский
102 ## - СТРАНА ПУБЛИКАЦИИ ИЛИ ПРОИЗВОДСТВА
Страна публикации российская федерация
105 ## - ПОЛЕ КОДИРОВАННЫХ ДАННЫХ: ТЕКСТОВЫЕ МАТЕРИАЛЫ, МОНОГРАФИЧЕСКИЕ
Кодированные данные о монографическом текстовом документе a z 100zy
200 1# - ЗАГЛАВИЕ И СВЕДЕНИЯ ОБ ОТВЕТСТВЕННОСТИ
Основное заглавие Сборник тезисов VIII Международной научно-технической конкурс-конференция молодых специалистов "Геофизика-2011", (Санкт-Петербург, 3-7 октября 2011)
Параллельное заглавие Abstracts book of VIII International scientific and technical competition-conference of young specialists "Geophysics-2011", (Saint-Petersburg, 3-7 October 2011)
Первые сведения об ответственности [Санкт-Петербургский государственный университет, Евро-азиатское геофизическое общество (Санкт-Петербургское отделение), ФГУНПП "Геологоразведка"
Язык параллельного заглавия английский
210 ## - ПУБЛИКАЦИЯ, РАСПРОСТРАНЕНИЕ И ДР.
Место издания, распространения и т.д. Санкт-Петербург
Имя издателя, распространителя и т. д. [б. и.]
Дата издания, распространения и т.д. 2011
215 ## - ФИЗИЧЕСКАЯ ХАРАКТЕРИСТИКА
Специфическое обозначение материала и объем 207, [1] с.
Другие сведения о физической характеристике ил.
Размеры 30
300 ## - ОБЩИЕ ПРИМЕЧАНИЯ
Текст примечания На обл.: Геофизика 2011: VIII Международная научно-практическая конференция молодых специалистов, 3-7 октября 2011, Санкт-Петербург (Петергоф): тезисы докладов
300 ## - ОБЩИЕ ПРИМЕЧАНИЯ
Текст примечания Часть текста и рез. на англ. яз.
320 ## - ПРИМЕЧАНИЯ О НАЛИЧИИ В ДОКУМЕНТЕ БИБЛИОГРАФИИ / УКАЗАТЕЛЯ
Текст примечания Библиогр. в конце ст.
320 ## - ПРИМЕЧАНИЯ О НАЛИЧИИ В ДОКУМЕНТЕ БИБЛИОГРАФИИ / УКАЗАТЕЛЯ
Текст примечания Указ. авт. в конце кн.
510 1# - ПАРАЛЛЕЛЬНОЕ ЗАГЛАВИЕ
Связь между полями z01791
Параллельное заглавие Abstracts book of VIII International scientific and technical competition-conference of young specialists "Geophysics-2011", (Saint-Petersburg, 3-7 October 2011)
Язык заглавия английский
512 1# - ЗАГЛАВИЕ ОБЛОЖКИ
Заглавие обложки Геофизика 2011
Сведения, относящиеся к заглавию VIII Международная научно-практическая конференция молодых специалистов, 3-7 октября 2011, Санкт-Петербург (Петергоф)
-- тезисы докладов
606 ## - НАИМЕНОВАНИЕ ТЕМЫ КАК ПРЕДМЕТ
Наименование темы Геофизика
Формальный подзаголовок Тезисы докладов
Системный номер авторитетной/нормативной записи 918700
Идентификатор авторитетной/нормативной записи RU\NLR\AUTH\6617375
606 ## - НАИМЕНОВАНИЕ ТЕМЫ КАК ПРЕДМЕТ
Наименование темы Геологические разведки
Формальный подзаголовок Тезисы докладов
Тематический подзаголовок Геофизические методы
Системный номер авторитетной/нормативной записи 1085563
Идентификатор авторитетной/нормативной записи RU\NLR\AUTH\66106021
686 ## - ИНДЕКСЫ ДРУГИХ КЛАССИФИКАЦИЙ
Индекс Д2я431(0)
Код системы
686 1# - ИНДЕКСЫ ДРУГИХ КЛАССИФИКАЦИЙ
Индекс Д20я431(0)
686 1# - ИНДЕКСЫ ДРУГИХ КЛАССИФИКАЦИЙ
Индекс Д443.4я431(0)
710 12 - НАИМЕНОВАНИЕ ОРГАНИЗАЦИИ - ПЕРВИЧНАЯ ОТВЕТСТВЕННОСТЬ
Начальный элемент ввода "Геофизика-2011", международная научно-техническая конкурс-конференция молодых специалистов
Порядковый номер временной организации и / или порядковый номер ее части 8
Место проведения временной организации Санкт-Петербург
Системный номер авторитетной/нормативной записи 585797
Идентификатор авторитетной/нормативной записи RU\NLR\AUTH\880461606
791 12 - НАИМЕНОВАНИЕ ОРГАНИЗАЦИИ - АЛЬТЕРНАТИВНАЯ ФОРМА
Графика поля Латинская
Материалы, к которым относится поле eng
Начальный элемент ввода "Geophysics-2011", international scientific and technical competition-conference of young specialists
Порядковый номер временной организации и / или порядковый номер ее части 8
Место проведения временной организации Saint-Petersburg
Системный номер авторитетной/нормативной записи 585796
Идентификатор авторитетной/нормативной записи RU\NLR\AUTH\880461605
942 ## - ДОПОЛНИТЕЛЬНЫЕ ЭЛЕМЕНТЫ ЗАПИСИ (АБИС)
Тип экземпляра АБИС Книга
980 ## - КОЛЛЕКЦИЯ
Название коллекции НБР

Нет доступных экземпляров.